| 000 | 00562nam a22002057a 4500 | ||
|---|---|---|---|
| 003 | OSt | ||
| 005 | 20140310182936.0 | ||
| 008 | 130201t xxu||||| |||| 00| 0 eng d | ||
| 020 | _a9710867911 | ||
| 050 |
_aQA 276 _b.B874 2007 |
||
| 082 |
_aFIL 519.5 .Br874 2007 _b.B874 2007 |
||
| 245 |
_aSimplified approach to inferential statistics _cBroto, Antonio S. |
||
| 260 |
_aMandaluyong City _bNational Book Store _c2007 |
||
| 300 |
_a203 p. _c22 cm. |
||
| 521 | _aCollege | ||
| 526 | _c1210L-1700L | ||
| 541 | _j1 | ||
| 562 | _e2 | ||
| 942 |
_2lcc _cBK _kFIL |
||
| 999 |
_c17622 _d17622 |
||